01126nam a2200253 a 45000010005000000030010000050050017000150080041000320200019000730400025000920800027001171000025001442450206001692500013003752600035003883000020004234900031004435000212004745000055006866500036007416500027007776500037008048300031008411383BR-CuiBMT20231206193010.0231107s2016 spb 001 0 por d a97885432098837 aBR-CuiBMTcBR-CuiBMT a347.91/.95x(81)2200710aHouck Filho, Geraldo10aCódigo civil, Código de processo civil, Constituição Federal :bdecreto-Lei nº 4.657, de 4 de setembro de 1942 : lei de introdução às normas do direito brasileiro /cGeraldo Houck Filho. a[1. ed.] aSão Paulo :bOn Line,c2016. a431 p. ;c21 cm1 aBiblioteca jurídica ;v4 aCódigo civil (Lei nº 10.406, de 10/01/2002). Código de processo civil (Lei nº 13.105, de 16.03.2015). Constituição Federal (atualizada, incluindo a edição da emenda constitucional nº 91/2016). aEdição atualizada até 22 de março de 2016. aCódigo processo civilzBrasil aCódigo civilzBrasil aConstituição FederalzBrasil aBiblioteca jurídica ;v4